Musicals By Their Least Popular Songs - Statistics

General Stats
  • This quiz has been taken 183 times
  • The average score is 6 of 15
Answer Stats
Songs Musical % Correct
The Madness Of King Scar, Endless Night, King Of Pride Rock The Lion King
89%
Let It Go, Schuyler Defeated, Best Of Wives And Best Of Women Hamilton
82%
Something Bad, A Sentimental Man, Dear Old Shiz Wicked
73%
To Break In A Glove, Finale, So Big/So Small Dear Evan Hansen
61%
Cooties, (You're) Timeless To Me, Come So Far (Got So Far to Go) Hairspray
47%
Morning Hymn and Alleluia, Something Good, Climb Ev'ry Mountain The Sound Of Music
47%
I Am Here For You (Reprise), Encore, You And Me (But Mostly Me) (Reprise) Book Of Mormon
43%
Contraction Ballet, Dear Baby, Take It From An Old Man Waitress
29%
The Final Countdown/We Built This City (Reprise), We Built This City/Too Much Time on My Hands, The Search Is Over Rock Of Ages
25%
Dog Eats Dog, Wedding Chorale, Beggars At The Feast Les Miserables
23%
Love Heals, Finale A, Halloween Rent
21%
Horace Green Alma Mater, Queen Of The Night, Faculty Quadrille School Of Rock
21%
Charlie's Soliloquy, In This Corner, Step One Kinky Boots
18%
Story 3: The Trick Started Well...,Story 2: The Great Day Arrived...,Story 1: Once Upon A Time Matilda
8%
A Little Bit Of Good, I Know A Girl, I Move On Chicago
6%
No matching quizzes found
Score Distribution
Percent of People with Each Score
Percentile by Number Answered
Your Score History
You have not taken this quiz